000 00354nam a22001217a 4500
082 _a891.4391
_bBOP
100 _aBopali, Abdul Hafeez Khan Ashki
245 _aManzom Tareekh Zaban-e-Urdu /
_cAbdul Hafeez Khan Ashki Bopali
260 _aIslamabad :
_bSheryar Publications,
_c2010.
300 _a80p. ;
_c22 cm.
563 _aHBK.
942 _2ddc
_cBK
999 _c589118
_d589118